Actors That Have Worked with David Lynch - Statistics

General Stats
  • This quiz has been taken 37 times
    22 since last reset
  • The average score is 7 of 38
Answer Stats
Movies/ Shows Actor % Correct
Inland Empire, Twin Peaks Naomi Watts
90%
The Elephant Man Anthony Hopkins
85%
Blue Velvet, Inland Empire, Mullholland Drive, Twin Peaks, Wild at Heart Laura Dern
85%
Wild at Heart Nicolas Cage
70%
Blue Velvet, Dune Kyle MacLachlan
60%
Inland Empire, Lucky, Twin Peaks: Fire Walk with Me Harry Dean Stanton
50%
Blue Velvet Dennis Hopper
40%
Inland Empire, Mullholland Drive Justin Theroux
40%
Wild at Heart Willem Dafoe
40%
Lost Highway Patricia Arquette
35%
Twin Peaks: Fire Walk with Me David Bowie
20%
Twin Peaks Michael Cera
15%
Inland Empire Jeremy Irons
10%
Twin Peaks: Fire Walk with Me Kiefer Sutherland
10%
Dune Patrick Stewart
10%
Mullholland Drive Billy Ray Cyrus
5%
Lost Highway Gary Busey
5%
Lost Highway Giovanni Ribisi
5%
Lost Highway Henry Rollins
5%
Lucky John Carroll Lynch
5%
Lost Highway Marilyn Manson
5%
Twin Peaks Matthew Lillard
5%
Mullholland Drive, Twin Peaks Robert Forster
5%
The Straight Story Sissy Spacek
5%
Inland Empire Terry Crews
5%
Twin Peaks Tim Roth
5%
A Fall From Grace Cedric the Entertainer
0%
Wild at Heart Crispin Glover
0%
Twin Peaks Derek Mears
0%
Twin Peaks Ernie Hudson
0%
A Fall From Grace Forest Whitaker
0%
Twin Peaks Jennifer Jason Leigh
0%
Twin Peaks Josh McDermitt
0%
Twin Peaks Michael Parks
0%
Twin Peaks Tom Sizemore
0%
A Fall From Grace Vincent D'Onofrio
0%
Dune Virginia Madsen
0%
Inland Empire William H. Macy
0%
No matching quizzes found
Score Distribution
Percent of People with Each Score
Percentile by Number Answered
Your Score History
You have not taken this quiz since the last reset